Responses for Show #8991 - Monday, December 11, 2023

2023 Champions Wildcard Hearts quarterfinal game 9.

Contestants

[<< previous game]

Emma Saltzberg, a campaigns director from Brooklyn, New York

Donesh Olyaie, a marketing director from Los Angeles, California

Amal Dorai, a venture capital investor from San Francisco, California

[next game >>]

Jeopardy! Round responses

GOT YOUR NAME TAG?
IT'S THE GENEVA CONVENTION
THE MUSIC OF CANADA
HYDROLOGY
CIRCLE TIME
F-STOP
(Ken: All these responses will end with the letter F.)
    $200 27
(Amal: What is Waterloo?)

the Battle of Trafalgar

AmalDonesh
    $200 15
ambulances

Amal
    $200 19
Alanis Morissette

Donesh
    $200 17
runoff

Emma
    $200 29
a crop circle

Emma
    $200 30
the scruff

Amal
    $400 25
the Nobel Peace Prize

Amal
    $400 11
prisoners (POWs)

Donesh
    $400 28
(Ken: Canada's finest, yes.)

Nickelback

Emma
    $400 16
an aqueduct

Emma
    $400 26
the bullseye

Amal
    $400 2
a motif

Amal
    $600 21
the Republic

Donesh
    $600 14
Israel

Donesh
    $600 23
Michael Bublé

Donesh
    $3,000 7
percolate (percolation)

Amal
    $600 9
Columbus Circle

Donesh
    $600 1
Riff Raff

Amal
    $800 4
Haiti

Amal
    $800 12
Bern

Donesh
    $800 10
Bryan Adams

Triple Stumper
    $800 8
a treatment plant

Donesh
    $800 24
a roundabout

Donesh
    $800 3
doff

Amal
    $1000 6
(Ken: You picked the right president.)

Tyler

Amal
    $1000 13
self-determination

Triple Stumper
    $1000 20
Rush

Amal
    $1000 18
the Great Divide (the Continental Divide)

Emma
    $1000 22
(Amal: What is the Tropic of Capricorn?)
(Donesh: What is the Tropic of Cancer?)

the Antarctic Circle

AmalDonesh
Triple Stumper
    $1000 5
debrief

Amal

Scores at the first commercial break (after clue 15):

Amal Donesh Emma
$7,800 $3,200 $0

Scores at the end of the Jeopardy! Round:

Amal Donesh Emma
$8,600 $4,600 $2,200

Double Jeopardy! Round responses

THE COUNTRY'S UNKNOWN SOLDIER…
DIRECTORS' FIRST FEATURES
THE 7 DEADLY SIN-ONYMS
HOME ON THE RANGE
ARTS
CRAFTS
    $400 20
Australia

Donesh
    $400 30
(Orson) Welles

Amal
    $400 1
jealousy

Donesh
    $400 28
(Donesh: What is macaroni and cheese?)

stuffing

DoneshEmma
    $400 23
Frank Lloyd Wright

Emma
    $400 25
a gondola

Donesh
    $800 22
Egypt

Emma
    $800 29
Clint Eastwood

Triple Stumper
    $800 19
greed

Emma
    $800 27
(Ken: Yes, fettuccine [*].)

Alfredo

Emma
    $800 24
(Donesh: What is Night?)
...
(Donesh: Oh.)

"A Little Night Music"

DoneshEmma
    $800 26
a glider

Donesh
    $1200 4
Greece

Donesh
    $1200 21
Sofia Coppola

Donesh
    $2,000 18
ego

Emma
    $1200 14
poach

Amal
    $1200 13
(Donesh: What is Arts and Crafts?)

Art Nouveau

DoneshEmma
    $1200 10
Enterprise

Donesh
    $1600 3
Poland

Emma
    $1600 5
(David) Lynch

Donesh
    $1600 9
Desire

Triple Stumper
    $1600 15
cioppino

Donesh
    $3,000 8
(Amal: What is Swan Lake?)

The Rite of Spring

Amal
    $1600 11
a hovercraft

Donesh
    $2000 2
Finland

Triple Stumper
    $2000 6
Francois Truffaut

Triple Stumper
    $2000 17
indolence

Emma
    $2000 16
espagnole

Amal
    $2000 7
noh

Amal
    $2000 12
the Argo

Emma

Scores at the end of the Double Jeopardy! Round:

Amal Donesh Emma
$11,200 $12,600 $15,000

[wagering suggestions for these scores]

Final Jeopardy! Round responses

20th CENTURY LITERATURE
AmalWho is Orwell?
$11,200
DoneshWho is Roth?
$12,600
EmmaWho is Orwell?
$10,201
Orwell

Final scores:

Amal Donesh Emma
$22,400 $0 $25,201
2nd place: $5,000 3rd place: $5,000 Winner: semifinalist

Game dynamics:

Coryat scores:

Amal Donesh Emma
$11,800 $12,600 $14,200
16 R
(including 1 DD),
3 W
(including 1 DD)
20 R,
4 W
16 R
(including 1 DD),
0 W

Combined Coryat: $38,600

[game clues] [game scores] [suggest correction]

Game tape date: 2023-11-07
The J! Archive is created by fans, for fans. Scraping, republication, monetization, and malicious use prohibited; this site may use cookies and collect identifying information. See terms. The Jeopardy! game show and all elements thereof, including but not limited to copyright and trademark thereto, are the property of Jeopardy Productions, Inc. and are protected under law. This website is not affiliated with, sponsored by, or operated by Jeopardy Productions, Inc. Join the discussion at JBoard.tv.